| 000 | 00524 a2200169 4500 | ||
|---|---|---|---|
| 999 |
_c7776 _d7776 |
||
| 010 | _aENG-88180 | ||
| 020 |
_c195.00 _a8189020471 |
||
| 035 | _aEN-71713 | ||
| 037 | _bDBAD / PUB | ||
| 082 | 1 | 4 | _aS |
| 100 | _aKeret, Etgar | ||
| 245 | 1 |
_aOne last story and that's it/ _cby Etgar Keret; translated from Hebrew by Miriam Shlesinger ... [et al] |
|
| 260 |
_aNew Delhi _bKatha _c2005 |
||
| 270 |
_aA-3 Sarvodaya Enclave, Sri Aurobindo Marg, _bNew Delhi _e110 017 |
||
| 300 |
_a124p. _c22cm (pbk) |
||
| 942 |
_adpl _cEN _2ddc _hS _mKER |
||